00767nam 22002173 4500001000700000010001800007021001800025090001100043100004100054200010800095210005600203215003600259606004300295675001700338701004700355702003500402801001800437830001000455990001100465995007300476202837 a972-8128-92-4 aPTb205428/04 a202837 a20260702d u||y0pory50 ba aGuia do museu Calouste Gulbenkian fcoordenação João Castel-Branco Pereira, Nuno Vassallo e Silva aLisboacFundação Calouste Gulbenkiandcop. 2004 a255 p.cil. ; brochado d24 cm  98193aMuseus. Exposição permanente a069vPTzpor 99814aPereirabJoão Castel-Brancof1947- 917700aSilvabNuno Vassallo e  aPTbBMMNgRPC cVanda cLIVROS 002052026-07-02932649bBMMNf32359k069 GUI|DEPo0rLIVROSsOferta